[Event "BCF-chT1a 1819 (4NCL)"]
[Site "England"]
[Date "2018.11.10"]
[Round "1.3"]
[White "Sheremetyeva, Elizaveta"]
[Black "Martinez, Ayelen"]
[Result "0-1"]
[WhiteElo "1652"]
[BlackElo "2196"]
[PlyCount "38"]
[EventDate "2018.11.10"]
[EventType "team-tourn"]
[EventRounds "7"]
[EventCountry "ENG"]
[SourceTitle "CBM 187 Extra"]
[Source "ChessBase"]
[SourceDate "2018.11.04"]
[SourceVersion "1"]
[SourceVersionDate "2018.11.04"]
[SourceQuality "1"]
[WhiteTeam "Oxford"]
[BlackTeam "Wood Green"]
[WhiteTeamCountry "ENG"]
[BlackTeamCountry "ENG"]

1. e4 e5 2. f4 exf4 3. Nf3 Be7 4. Bc4 Bh4+ 5. Kf1 d5 6. exd5 Bg4 7. d3 Qf6 8. Nc3 Ne7 9. Ne4 Qb6 10. Bxf4 0-0 11. Be5 Nf5 12. Qd2 Ne3+ 13. Ke2 Nxc4 14. dxc4 Nd7 15. Bd4 c5 16. Be3 Rae8 17. Nf2 Ne5 18. b3 Qf6 19. Kf1 Nxf3 0-1

[Event "Witney op 6th"]
[Site "Witney"]
[Date "2018.11.03"]
[Round "2"]
[White "Sheremetyeva, Elizaveta"]
[Black "Hosdurga, Chirag"]
[Result "0-1"]
[WhiteElo "1652"]
[BlackElo "1758"]
[PlyCount "96"]
[EventDate "2018.11.03"]
[EventType "swiss"]
[EventRounds "5"]
[EventCountry "ENG"]
[SourceTitle "CBM 187 Extra"]
[Source "ChessBase"]
[SourceDate "2018.11.04"]
[SourceVersion "1"]
[SourceVersionDate "2018.11.04"]
[SourceQuality "1"]

1. e4 c5 2. Nc3 Nc6 3. f4 e6 4. Nf3 Nge7 5. Bb5 a6 6. Bxc6 Nxc6 7. a4 Be7 8. 0-0 0-0 9. Kh1 d5 10. exd5 exd5 11. d4 Bf5 12. Be3 Bf6 13. Na2 Re8 14. Ne5 cxd4 15. Bxd4 Nxd4 16. Qxd4 Bxc2 17. Nc3 Bb3 18. Qb4 Bc2 19. Qxb7 d4 20. Qxf7+ Kh8 21. Nd1 Bxe5 22. fxe5 Rxe5 23. Nf2 Re7 24. Qc4 Bg6 25. Rfd1 Rd7 26. Rd2 Qf6 27. Nh3 Re8 28. Rf1 Qb6 29. Ng5 Qa5 30. Nf3 d3 31. Rdf2 Rdd8 32. Nd2 h6 33. Qg4 Kh7 34. Qd1 Qc5 35. Nf3 Re3 36. Rd2 Rde8 37. Re1 Rxe1+ 38. Nxe1 Qe3 39. Nf3 Rc8 40. h3 Rc2 41. b3 Qc5 42. Rxc2 dxc2 43. Qc1 Qd5 44. Nd2 Qh5 45. Nf3 Qd5 46. Nd2 Kh8 47. Kh2 Qe5+ 48. Kh1 Qe2 0-1

[Event "EU-ch U18 Girls 28th"]
[Site "Riga"]
[Date "2018.08.23"]
[Round "4"]
[White "Sheremetyeva, Elizaveta"]
[Black "Tadmor, Maya"]
[Result "0-1"]
[WhiteElo "1733"]
[BlackElo "1456"]
[PlyCount "38"]
[EventDate "2018.08.20"]
[EventType "swiss"]
[EventRounds "9"]
[EventCountry "LAT"]
[SourceTitle "CBM 186 Extra"]
[Source "ChessBase"]
[SourceDate "2018.08.24"]
[SourceVersion "1"]
[SourceVersionDate "2018.08.24"]
[SourceQuality "1"]

1. e4 e5 2. f4 exf4 3. Nf3 g5 4. Bc4 g4 5. 0-0 gxf3 6. Qxf3 Qf6 7. e5 Qxe5 8. Bxf7+ Kd8 9. d3 Bd6 10. Bd2 Nf6 11. Re1 Qg5 12. Bc3 Rf8 13. Qe2 c6 14. Bb3 Ng4 15. Qf3 Qh4 16. h3 Bc5+ 17. Kh1 d5 18. Nd2 Nf2+ 19. Kh2 Bg4 0-1

[Event "EU-ch U18 Girls 28th"]
[Site "Riga"]
[Date "2018.08.22"]
[Round "3"]
[White "Koljevic, Nikolina"]
[Black "Sheremetyeva, Elizaveta"]
[Result "1-0"]
[WhiteElo "1827"]
[BlackElo "1733"]
[PlyCount "101"]
[EventDate "2018.08.20"]
[EventType "swiss"]
[EventRounds "9"]
[EventCountry "LAT"]
[SourceTitle "CBM 186 Extra"]
[Source "ChessBase"]
[SourceDate "2018.08.24"]
[SourceVersion "1"]
[SourceVersionDate "2018.08.24"]
[SourceQuality "1"]

1. e4 c6 2. d4 d5 3. e5 c5 4. dxc5 e6 5. Be3 Nd7 6. Bb5 Qa5+ 7. Nc3 a6 8. Bxd7+ Bxd7 9. a3 Qc7 10. Nf3 Bxc5 11. Bxc5 Qxc5 12. Qd4 Rc8 13. Rd1 Ne7 14. Ne4 Nf5 15. Qxc5 Rxc5 16. Nxc5 Bc6 17. Nd4 Nxd4 18. Rxd4 Kd8 19. Rd2 Kc7 20. 0-0 Kb6 21. Nb3 Rc8 22. Nd4 Bd7 23. f4 Re8 24. Re1 Kc5 25. Nb3+ Kb5 26. Rd4 Kb6 27. Rb4+ Kc7 28. Re3 Bc6 29. Rc3 Kd7 30. Na5 Rc8 31. Nxc6 bxc6 32. Rb7+ Rc7 33. Rxc7+ Kxc7 34. b4 Kb6 35. a4 h5 36. Kf2 f6 37. Rg3 c5 38. c3 d4 39. bxc5+ Kxc5 40. cxd4+ Kxd4 41. Rxg7 fxe5 42. fxe5 Kxe5 43. Rg5+ Kd4 44. Rxh5 Kc4 45. g4 Kb4 46. a5 Kc4 47. Re5 Kb4 48. g5 Ka4 49. g6 Kb4 50. g7 Ka4 51. g8Q 1-0

[Event "EU-ch U18 Girls 28th"]
[Site "Riga"]
[Date "2018.08.20"]
[Round "1"]
[White "Sheremetyeva, Elizaveta"]
[Black "Limanovska, Elizabete"]
[Result "0-1"]
[WhiteElo "1733"]
[BlackElo "2066"]
[PlyCount "144"]
[EventDate "2018.08.20"]
[EventType "swiss"]
[EventRounds "9"]
[EventCountry "LAT"]
[SourceTitle "CBM 186 Extra"]
[Source "ChessBase"]
[SourceDate "2018.08.24"]
[SourceVersion "1"]
[SourceVersionDate "2018.08.24"]
[SourceQuality "1"]

1. e4 c5 2. Nc3 Nc6 3. f4 g6 4. Nf3 Bg7 5. Bb5 d6 6. 0-0 Nf6 7. Bxc6+ bxc6 8. d3 0-0 9. Qe1 Ne8 10. Qg3 Rb8 11. f5 gxf5 12. Nh4 fxe4 13. dxe4 Kh8 14. Nf5 Bf6 15. Nd1 Bxf5 16. Rxf5 Ng7 17. Rf3 Ne6 18. c3 Rg8 19. Qh3 Ng5 20. Bxg5 Rxg5 21. b3 Qg8 22. Rc1 Qg6 23. Nf2 Rg8 24. g3 d5 25. Re1 Re5 26. Rfe3 d4 27. cxd4 cxd4 28. Rd3 c5 29. Qd7 Bg5 30. Qxa7 Be3 31. Rdxe3 dxe3 32. Rxe3 Qh6 33. Rf3 Qc1+ 34. Kg2 f6 35. Qa6 Qh6 36. a4 Rh5 37. h3 Rhg5 38. Qe6 Qg6 39. Qxe7 Rxg3+ 40. Rxg3 Qxg3+ 41. Kf1 Qg1+ 42. Ke2 Qa1 43. Qxc5 Qb2+ 44. Kf1 Qxb3 45. a5 Qb1+ 46. Ke2 Rb8 47. Qd6 Kg7 48. Qd7+ Kh8 49. Qd6 Qb2+ 50. Kf3 Qe5 51. Qxe5 fxe5 52. Kg4 Kg7 53. Nd3 Kf6 54. Nc5 Rb5 55. Nd7+ Ke7 56. Nb6 Ke6 57. Nc4 Rb4 58. Nd2 Rd4 59. Nf3 Rxe4+ 60. Kg3 Kf6 61. Nxe5 Rxe5 62. a6 Ra5 63. Kg4 Rxa6 64. Kh5 Kg7 65. h4 Ra5+ 66. Kg4 h5+ 67. Kg3 Ra4 68. Kh3 Kg6 69. Kg3 Kf5 70. Kh3 Ra3+ 71. Kg2 Kf4 72. Kh2 Kg4 0-1

[Event "BCF-chT4 1516 (4NCL)"]
[Site "England"]
[Date "2015.11.15"]
[Round "2.35"]
[White "Sheremetyeva, Elizaveta"]
[Black "Jones, Robert L"]
[Result "1/2-1/2"]
[WhiteElo "1757"]
[BlackElo "1832"]
[PlyCount "76"]
[EventDate "2015.11.14"]
[EventType "team-swiss"]
[EventRounds "11"]
[EventCountry "ENG"]
[SourceTitle "EXT 2017"]
[Source "ChessBase"]
[SourceDate "2016.10.25"]
[SourceVersion "1"]
[SourceVersionDate "2016.10.25"]
[SourceQuality "1"]
[WhiteTeam "Oxford III"]
[BlackTeam "Iceni II"]
[WhiteTeamCountry "ENG"]
[BlackTeamCountry "ENG"]

1. e4 e6 2. d4 d5 3. e5 c5 4. c3 Nc6 5. Nf3 Qb6 6. a3 c4 7. Nbd2 f6 8. b3 cxb3 9. Nxb3 fxe5 10. Nxe5 Nxe5 11. dxe5 Bd7 12. Be3 Qc7 13. Bd4 Ba4 14. Bd3 Ne7 15. 0-0 Nc6 16. Qh5+ Qf7 17. Qxf7+ Kxf7 18. Nd2 Be7 19. f4 Nxd4 20. cxd4 g6 21. g4 Bd7 22. f5 gxf5 23. gxf5 exf5 24. Bxf5 Bxf5 25. Rxf5+ Ke6 26. Rf3 Rag8+ 27. Kh1 Rf8 28. Raf1 Rxf3 29. Rxf3 Rf8 30. Rh3 Rf4 31. Rd3 h5 32. a4 b6 33. Kg2 h4 34. h3 Bb4 35. Nf3 Kf5 36. Kf2 Be7 37. Ke2 Re4+ 38. Kf2 Ke6 1/2-1/2

[Event "Witney op-B"]
[Site "Witney"]
[Date "2015.10.17"]
[Round "2"]
[White "Sheremetyeva, Elizaveta"]
[Black "Livesey, R Nigel"]
[Result "0-1"]
[WhiteElo "1604"]
[BlackElo "1844"]
[PlyCount "120"]
[EventDate "2015.10.17"]
[EventType "swiss"]
[EventRounds "5"]
[EventCountry "ENG"]
[SourceTitle "CBM 169 Extra"]
[Source "ChessBase"]
[SourceDate "2015.12.18"]
[SourceVersion "1"]
[SourceVersionDate "2015.12.18"]
[SourceQuality "1"]

1. e4 c6 2. d4 d5 3. c4 dxe4 4. Nc3 Nf6 5. f3 e3 6. Bxe3 Bf5 7. Bd3 Bxd3 8. Qxd3 e6 9. Nge2 Be7 10. 0-0 Na6 11. a3 0-0 12. Rad1 Qa5 13. g4 Rad8 14. c5 Nxc5 15. b4 Nxd3 16. bxa5 Nb2 17. Rb1 Nc4 18. Bc1 Nxa5 19. Kg2 Nd5 20. Ne4 b6 21. Rh1 Nc4 22. h4 Bxa3 23. Bxa3 Nxa3 24. Ra1 Nb5 25. g5 Ne3+ 26. Kf2 Nc2 27. Rag1 Ncxd4 28. Nf4 e5 29. Nd3 Nxf3 30. Rd1 Nbd4 31. Rh3 c5 32. Ne1 Nxe1 33. Rxe1 Nc2 34. Re2 Nb4 35. Ree3 Nd5 36. Reg3 Nf4 37. Rh1 Rd4 38. Re1 Nd3+ 39. Rxd3 Rxd3 40. Rg1 Rfd8 41. h5 R8d4 42. Ng3 Rg4 43. g6 hxg6 44. hxg6 fxg6 45. Ne2 Rxg1 46. Nxg1 a5 47. Nf3 Rxf3+ 48. Kxf3 a4 49. Ke4 a3 50. Kxe5 a2 51. Kd6 a1Q 52. Kc6 c4 53. Kxb6 c3 54. Kc6 c2 55. Kd5 c1Q 56. Ke4 Qa4+ 57. Kd5 Qg5+ 58. Kd6 Qa6+ 59. Kc7 Qe7+ 60. Kb8 Qd8# 0-1

[Event "EU-ch U14 Girls 25th"]
[Site "Porec"]
[Date "2015.09.30"]
[Round "9"]
[White "Sheremetyeva, Elizaveta"]
[Black "Ozbay, Ece"]
[Result "1-0"]
[WhiteElo "1604"]
[BlackElo "1817"]
[PlyCount "103"]
[EventDate "2015.09.21"]
[EventType "swiss"]
[EventRounds "9"]
[EventCountry "CRO"]
[SourceTitle "EXT 2016"]
[Source "ChessBase"]
[SourceDate "2015.10.08"]
[SourceVersion "1"]
[SourceVersionDate "2015.10.08"]
[SourceQuality "1"]

1. e4 c5 2. Nc3 Nc6 3. d3 g6 4. Be3 d6 5. Qd2 Bg7 6. g3 e6 7. Bg2 Rb8 8. Nge2 Nd4 9. 0-0 Ne7 10. Nc1 0-0 11. Nd1 b5 12. c3 Ndc6 13. Bh6 Qb6 14. Bxg7 Kxg7 15. Ne3 b4 16. c4 a5 17. Ne2 a4 18. f4 Nd4 19. Nxd4 cxd4 20. Nd1 Qc5 21. Rc1 Bb7 22. Nf2 f5 23. Rfe1 Rfe8 24. Kh1 Bc6 25. Kg1 b3 26. a3 Qb6 27. Kh1 Qb7 28. Kg1 Rf8 29. Qe2 Rbe8 30. Qd2 e5 31. h4 Ng8 32. Bf3 Nf6 33. Re2 Nd7 34. Kh2 Nc5 35. Rce1 Ne6 36. Nh3 Nc5 37. Nf2 Qe7 38. Nh3 Ne6 39. Rf2 exf4 40. exf5 fxg3+ 41. Kxg3 Rxf5 42. Bxc6 Rxf2 43. Qxf2 Rf8 44. Qe2 Qc7 45. Qxe6 Qxc6 46. Ng5 Qc7 47. Qd5 Qa7 48. Ne6+ Kg8 49. Nxf8+ Kxf8 50. Qxd6+ Kg8 51. Re8+ Kg7 52. Qf8# 1-0

[Event "EU-ch U14 Girls 25th"]
[Site "Porec"]
[Date "2015.09.28"]
[Round "7"]
[White "Okuyaz, Duru"]
[Black "Sheremetyeva, Elizaveta"]
[Result "0-1"]
[WhiteElo "1896"]
[BlackElo "1604"]
[PlyCount "104"]
[EventDate "2015.09.21"]
[EventType "swiss"]
[EventRounds "9"]
[EventCountry "CRO"]
[SourceTitle "EXT 2016"]
[Source "ChessBase"]
[SourceDate "2015.10.08"]
[SourceVersion "1"]
[SourceVersionDate "2015.10.08"]
[SourceQuality "1"]

1. e4 c6 2. Nc3 d5 3. Nf3 dxe4 4. Nxe4 Nf6 5. Ng3 Bg4 6. Be2 Bxf3 7. Bxf3 g6 8. 0-0 Bg7 9. d4 0-0 10. c3 Qc7 11. Re1 e6 12. Ne4 Nxe4 13. Bxe4 Nd7 14. Qf3 e5 15. d5 f5 16. Bc2 e4 17. Qd1 Nb6 18. d6 Qd7 19. Bb3+ Kh8 20. Bf4 Rae8 21. Qd2 Nc8 22. Rad1 Rf6 23. Re2 b5 24. c4 bxc4 25. Bxc4 g5 26. Ba6 gxf4 27. Bxc8 Rxc8 28. Qxf4 Re8 29. Red2 Bh6 30. Qh4 Rg6 31. Rd4 Ree6 32. Rb4 Rxd6 33. Rb8+ Kg7 34. Rxd6 Qxd6 35. Rd8 Qe6 36. Ra8 Qd7 37. Rd8 Qf7 38. Qh3 Bg5 39. Rb8 Rd6 40. Qc3+ Kg6 41. g3 f4 42. h4 Bf6 43. h5+ Kxh5 44. Qa3 Rd1+ 45. Kh2 Kg4 46. Rg8+ Qxg8 47. gxf4 Kxf4 48. Qe3+ Kf5 49. Qh3+ Qg4 50. Qxh7+ Kg5 51. Qg8+ Kf4 52. Qb8+ Be5 0-1

[Event "EU-ch U14 Girls 25th"]
[Site "Porec"]
[Date "2015.09.24"]
[Round "4"]
[White "Sheremetyeva, Elizaveta"]
[Black "Norlamo, Sarabella"]
[Result "1-0"]
[WhiteElo "1604"]
[BlackElo "1347"]
[PlyCount "91"]
[EventDate "2015.09.21"]
[EventType "swiss"]
[EventRounds "9"]
[EventCountry "CRO"]
[SourceTitle "EXT 2016"]
[Source "ChessBase"]
[SourceDate "2015.10.08"]
[SourceVersion "1"]
[SourceVersionDate "2015.10.08"]
[SourceQuality "1"]

1. e4 d5 2. exd5 Qxd5 3. Nc3 Qd6 4. d4 Nf6 5. Nf3 a6 6. a4 g6 7. g3 Bg7 8. Bg2 0-0 9. 0-0 Qd8 10. Qe2 Nbd7 11. Na2 Nb6 12. a5 Nbd7 13. c4 c5 14. d5 Re8 15. Nc3 Nf8 16. Bg5 h6 17. Bxf6 exf6 18. Qd2 Bf5 19. Nh4 Bg4 20. h3 Bc8 21. Nf3 Bf5 22. Ne1 Qd6 23. Nd3 Rad8 24. g4 Bc8 25. Ne4 Qc7 26. Nexc5 Nd7 27. Nxd7 Bxd7 28. c5 Bb5 29. b4 f5 30. Ra3 fxg4 31. hxg4 Qc8 32. Qf4 Bd7 33. g5 h5 34. c6 bxc6 35. dxc6 Bxc6 36. Rc1 Re6 37. Bh3 f5 38. gxf6 Rxf6 39. Qc4+ Bd5 40. Qxc8 Rxc8 41. Rxc8+ Kh7 42. Nc5 Rf4 43. Ne6 Rxb4 44. Nxg7 Rb1+ 45. Bf1 Kxg7 46. Rac3 1-0

[Event "EU-ch U14 Girls 25th"]
[Site "Porec"]
[Date "2015.09.21"]
[Round "1"]
[White "Kalinowska, Zuzanna"]
[Black "Sheremetyeva, Elizaveta"]
[Result "1-0"]
[WhiteElo "1916"]
[BlackElo "1604"]
[PlyCount "101"]
[EventDate "2015.09.21"]
[EventType "swiss"]
[EventRounds "9"]
[EventCountry "CRO"]
[SourceTitle "EXT 2016"]
[Source "ChessBase"]
[SourceDate "2015.10.08"]
[SourceVersion "1"]
[SourceVersionDate "2015.10.08"]
[SourceQuality "1"]

1. d4 f5 2. Nf3 Nf6 3. e3 e6 4. b3 b6 5. Be2 Bb7 6. 0-0 Be7 7. Bb2 0-0 8. c4 d6 9. Nc3 Nbd7 10. Ng5 Qc8 11. Nxe6 Re8 12. Nb5 Bd8 13. d5 a6 14. Nbd4 g6 15. Nxd8 Qxd8 16. Ne6 Qc8 17. Bxf6 Nxf6 18. Qd4 Rxe6 19. dxe6 Qxe6 20. Rfd1 Rf8 21. Bf1 Ne4 22. b4 Qe7 23. f3 Ng5 24. Be2 Re8 25. Rd3 Ne6 26. Qb2 Qh4 27. Rc1 Ng5 28. c5 Nf7 29. cxb6 cxb6 30. Qd4 Qxd4 31. Rxd4 Rxe3 32. Kf2 Re7 33. Bc4 d5 34. Bxd5 Bxd5 35. Rxd5 Re6 36. Rd7 Kg7 37. Rdc7 Kf6 38. R1c6 Nd8 39. Rxe6+ Kxe6 40. Rxh7 Nc6 41. a3 a5 42. Rb7 axb4 43. axb4 Kd6 44. Rxb6 Kc7 45. Rxc6+ Kxc6 46. Ke3 Kb5 47. Kf4 Kxb4 48. Kg5 Kc5 49. Kxg6 Kd6 50. Kxf5 Ke7 51. g4 1-0

[Event "BCF-ch U15"]
[Site "Coventry"]
[Date "2015.07.28"]
[Round "3"]
[White "Sheremetyeva, Elizaveta"]
[Black "Haridas, Girinath"]
[Result "0-1"]
[WhiteElo "1593"]
[BlackElo "1960"]
[PlyCount "102"]
[EventDate "2015.07.27"]
[EventType "swiss"]
[EventRounds "7"]
[EventCountry "ENG"]
[SourceTitle "CBM 167 Extra"]
[Source "ChessBase"]
[SourceDate "2015.09.14"]
[SourceVersion "1"]
[SourceVersionDate "2015.09.14"]
[SourceQuality "1"]

1. e4 c5 2. f4 d5 3. exd5 Nf6 4. c4 e6 5. Nc3 Be7 6. Nf3 0-0 7. d4 exd5 8. cxd5 Nxd5 9. Bc4 Nxc3 10. bxc3 cxd4 11. Nxd4 Qc7 12. Qd3 Nc6 13. 0-0 Nxd4 14. cxd4 Bf5 15. Qxf5 Qxc4 16. Bb2 Bf6 17. Qe4 Rfe8 18. Qf3 Bxd4+ 19. Bxd4 Qxd4+ 20. Kh1 Qe4 21. Qb3 Rac8 22. f5 Rc2 23. Qg3 f6 24. Rae1 Re2 25. Rxe2 Qxe2 26. Rg1 Qxa2 27. Qf3 Qf7 28. g4 b5 29. h4 Qc4 30. h5 Qe4 31. Kg2 Qxf3+ 32. Kxf3 b4 33. Ra1 Re7 34. Ra4 Rb7 35. Ke3 b3 36. Ra1 b2 37. Rb1 a5 38. Kd3 a4 39. Kc3 a3 40. Kc2 Kf7 41. h6 gxh6 42. g5 hxg5 43. Kc3 a2 44. Rxb2 a1Q 45. Kd3 Rxb2 46. Ke3 Qa3+ 47. Ke4 Rb4+ 48. Kd5 Qa5+ 49. Kd6 Rb6+ 50. Kc7 Qa7+ 51. Kc8 Rb8# 0-1

[Event "BCF-chT3 1415 (4NCL)"]
[Site "England"]
[Date "2015.03.22"]
[Round "8.33"]
[White "Johnson, Paul A"]
[Black "Sheremetyeva, Elizaveta"]
[Result "1-0"]
[WhiteElo "1900"]
[BlackElo "1596"]
[PlyCount "67"]
[EventDate "2015.03.21"]
[EventType "team-swiss"]
[EventRounds "11"]
[EventCountry "ENG"]
[SourceTitle "EXT 2016"]
[Source "ChessBase"]
[SourceDate "2015.10.08"]
[SourceVersion "1"]
[SourceVersionDate "2015.10.08"]
[SourceQuality "1"]
[WhiteTeam "Bradford DCA Knights II"]
[BlackTeam "Witney"]
[WhiteTeamCountry "ENG"]
[BlackTeamCountry "ENG"]

1. d4 Nf6 2. e3 d5 3. Bd3 g6 4. Nf3 Bg7 5. Nbd2 Bf5 6. b3 Nc6 7. Bb2 Ne4 8. a3 Qd6 9. Qe2 e5 10. dxe5 Nxe5 11. Nxe5 Bxe5 12. Bxe5 Qxe5 13. 0-0 0-0-0 14. Nxe4 dxe4 15. Bc4 Qe7 16. b4 h5 17. c3 g5 18. Qa2 f6 19. Rfd1 g4 20. Rd4 h4 21. Rad1 Rxd4 22. Rxd4 g3 23. fxg3 hxg3 24. h3 Kb8 25. Qd2 Bc8 26. Qe1 Bxh3 27. gxh3 Rxh3 28. Qd2 a6 29. Rd8+ Ka7 30. Qd4+ b6 31. Rd7 Qf8 32. Rxc7+ Ka8 33. Qd5+ Kb8 34. Qb7# 1-0

[Event "High Wycombe e2e4 Challengers op 03"]
[Site "High Wycombe"]
[Date "2014.03.16"]
[Round "5"]
[White "Purvis, Anna"]
[Black "Sheremetyeva, Elizaveta"]
[Result "0-1"]
[WhiteElo "1476"]
[BlackElo "1694"]
[PlyCount "114"]
[EventDate "2014.03.14"]
[EventType "swiss"]
[EventRounds "5"]
[EventCountry "ENG"]
[SourceTitle "EXT 2015"]
[Source "ChessBase"]
[SourceDate "2014.11.20"]
[SourceVersion "1"]
[SourceVersionDate "2014.11.20"]
[SourceQuality "1"]

1. d4 d5 2. c4 e6 3. Nf3 Nf6 4. g3 b6 5. Bg2 Bb7 6. cxd5 exd5 7. 0-0 g6 8. Nc3 Bg7 9. Bf4 0-0 10. Rc1 Nbd7 11. Nb1 c6 12. Nc3 Re8 13. Re1 c5 14. Bg5 Qc8 15. Nb5 Qc6 16. Nc3 Ne4 17. Be3 f5 18. Nxe4 fxe4 19. Nd2 Qd6 20. dxc5 Nxc5 21. Bxc5 bxc5 22. Nxe4 Qe5 23. Nxc5 Bc6 24. Nd3 Qd6 25. Nb4 Qxb4 26. Rxc6 d4 27. Rc1 Rab8 28. Bd5+ Kh8 29. Bb3 Qb6 30. Qd3 Bh6 31. Rc4 Rbd8 32. Rd1 Bg7 33. Rdc1 Qf6 34. Rc6 Qg5 35. Ba4 Qg4 36. R6c2 Rf8 37. Bc6 Qe6 38. Qc4 Qf6 39. Bf3 g5 40. Qc6 Qf7 41. Qc4 Qf6 42. Rf1 d3 43. Rc3 d2 44. Rd1 Qf5 45. Ra3 Rc8 46. Qe4 Rc1 47. Qxf5 Rxd1+ 48. Kg2 Rg1+ 49. Kxg1 d1Q+ 50. Kg2 Rxf5 51. e4 Rxf3 52. Rxf3 Qe2 53. Rb3 Qxe4+ 54. Kg1 Bd4 55. Rb8+ Kg7 56. Rb3 Qe1+ 57. Kg2 Qxf2+ 0-1